La Incorporación del concepto de derechos económicos, sociales y culturales al trabajo de la CEPAL: reseña de algunas lecturas pertinentes /

Salvato in:
Dettagli Bibliografici
Autore principale: Artigas, Carmen
Natura: testo
Serie:SERIE POLITICAS SOCIALES/CEPAL
Soggetti:
Tags: Aggiungi Tag
Nessun Tag, puoi essere il primo ad aggiungerne!!

MARC

LEADER 00000 a a2200000 04500
001 48466
003
040
090 |a REV1291 (72)2003  
100 |a Artigas, Carmen  
245 |a La Incorporación del concepto de derechos económicos, sociales y culturales al trabajo de la CEPAL:   |b reseña de algunas lecturas pertinentes /  |c Carmen Artigas  
440 |a SERIE POLITICAS SOCIALES/CEPAL  
650 |a DERECHOS HUMANOS  
650 |a EQUIDAD SOCIAL  
650 |a DESARROLLO HUMANO  
650 |a POLITICA SOCIAL  
650 |a POBREZA  
773 |g número72, (2003)  
999 |c 29224  |d 29224